| 000 | 00373nam a22001337a 4500 | ||
|---|---|---|---|
| 020 | _a9780471534730 | ||
| 040 | _cNust | ||
| 082 |
_a670.42 _bKUS |
||
| 100 |
_aAndrew Kusiak _9125770 |
||
| 245 | _aIntelligent Design and Manufacturing | ||
| 260 |
_aNew York: _bJohn Wiley and sons Inc, _c1992. |
||
| 650 |
_aIntelligent Design and Manufacturing _9125771 |
||
| 942 |
_2ddc _cBK |
||
| 999 |
_c611464 _d611464 |
||